| 000 | 00484 a2200133 4500 | ||
|---|---|---|---|
| 082 | _aBIT-4 | ||
| 100 |
_aEzhaar-ul-Hassan _993170 |
||
| 245 |
_aRFID Middleware _cEzhaar-ul-Hassan |
||
| 260 |
_aIslamabad: _bNUST School of Electrical Engineering & Computer Science, _c2006. |
||
| 300 |
_aviii, 68 p. : _bill. ; _c27 cm. + _eCD-ROM |
||
| 500 | _aSupervisors : Mr. Nauman Qureshi, Dr. Arshad Ali. | ||
| 856 | _uhttp://10.250.8.41:8080/xmlui/handle/123456789/11732 | ||
| 942 |
_cPR _kBIT-4 EZH _2ddc |
||
| 999 |
_c9279 _d9279 |
||